000 01690cam a2200445Ia 4500
001 7915274
003 OSt
005 20210827114723.0
006 m d
007 cr n
008 090618s2009 gw a sb 001 0 eng d
020 _a9783642260322
035 _a(WaSeSS)ssj0000315760
038 _akhadija
040 _aCaPaEBR
_cCaPaEBR
_dWaSeSS
050 4 _aQA76.76.I58
_bA38 2009eb
082 _a006.3
_bADV
100 _aRobu, Valentin.
_981779
210 1 0 _aAdvances in agent-based complex automated negotiations
245 0 0 _aAdvances in agent-based complex automated negotiations
_cTatayuki Ito, Minjie Zhang, Valentin Robu, Shaheen Fatima, and Tokuro Matsuo (eds.).
260 _aBerlin ;
_aHeidelberg :
_bSpringer-Verlag,
_cc2009.
490 1 _aStudies in computational intelligence ;
_v233
504 _aIncludes bibliographical references and index.
506 _aLicense restrictions may limit access.
563 _apaperback
650 0 _aIntelligent agents (Computer software)
_918523
650 0 _aComputational intelligence.
_981264
655 7 _aElectronic books.
_2local
_9621
700 1 _aIto, Tatayuki.
_981780
700 1 _aZhang, Minjie.
_981781
700 1 _aRobu, Valentin.
_981779
700 1 _aFatima, Shaheen.
_981782
700 1 _aMatsuo, Tokuro.
_981783
710 2 _aebrary, Inc.
_9622
773 0 _tSpringerLink ebooks - Engineering (2009)
830 0 _aStudies in computational intelligence ;
_v233.
_981268
856 4 0 _uhttp://www.columbia.edu/cgi-bin/cul/resolve?clio7915274
_zFull text available from SpringerLink ebooks - Engineering (2009)
910 _aVendor-generated brief record
942 _2ddc
_cBK
999 _c32896
_d32896